00965cam a2200265 i 45000010005000000030008000050050017000130080039000300200015000690200015000840350018000990400032001170410008001490820031001572450097001882600056002853000021003415040029003626500061003916500048004527000030005009420012005309990015005429520142005575396BD-RjUL20211208234047.0140116s1977 cau b 000 0 eng a0803907419 a0803909381 a(BD-RjUL)5432 aDLCcDLCdDLCdBD-RjULbeng aeng00a352.00510973220bMAN 197700aManaging human resources :ba challenge to urban governments /cedited by Charles H. Levine. aBeverly Hills, Calif. :bSage Publications,cc1977. a319 p. ;c23 cm. aIncludes bibliographies. 0aMunicipal officials and employeeszUnited States.916950 0aPersonnel managementzUnited States.9169511 aLevine, Charles H.916952 2ddccBK c5396d5396 00102ddc4071aRUCLbRUCLcstackd1990-07-10eAsia Foundationg0.00l0o352.00510973 MAN 1977r2013-12-26 00:00:00tC-1w2013-12-26yBK